banner koha

Ocorrencia da "Mariposa das Laranjas" (Gymmandrosoma aurantianum Lima, 1927)(Lepidoptera, olethreutidae)em pomares citricos do Sul de Minas Gerais (Registro n. 142716)

MARC details
000 -LÍDER
campo de controle de tamanho fixo 00932nas a2200301 4500
001 - NÚMERO DE CONTROLE
campo de controle BR9505181
003 - IDENTIFICADOR DO NÚMERO DE CONTROLE
campo de controle BR-BrBNA
005 - DATA E HORÁRIO DA ÚLTIMA TRANSAÇÃO
campo de controle 20231205094210.0
007 - CAMPO FIXO DE DESCRIÇÃO FÍSICA--INFORMAÇÃO GERAL
campo de controle de tamanho fixo ta
008 - CAMPO DE DADOS FIXOS--INFORMAÇÃO GERAL
campo de controle de tamanho fixo 230509b bl.|||p| |||| 00| 00por d
040 ## - FONTE DA CATALOGAÇÃO
Instituição da catalogação original BR-BrBNA
Idioma da catalogação por
Instituição que transcreveu o registro Biblioteca Nacional de Agricultura
041 ## - CÓDIGO DE IDIOMA
Código do idioma do texto/trilha sonora ou título diferente (Pt)
072 ## - CÓDIGO DE CATEGORIA DE ASSUNTO
Código de Categoria de Assunto H10
100 1# - ENTRADA PRINCIPAL--NOME PESSOAL
Nome pessoal Marinho, C.S.
100 1# - ENTRADA PRINCIPAL--NOME PESSOAL
Nome pessoal Santa-Cecilia, L.V.C.
100 1# - ENTRADA PRINCIPAL--NOME PESSOAL
Nome pessoal Souto, R.F.
100 1# - ENTRADA PRINCIPAL--NOME PESSOAL
Nome pessoal Souza, M. de
245 1# - TÍTULO
Título Ocorrencia da "Mariposa das Laranjas" (Gymmandrosoma aurantianum Lima, 1927)(Lepidoptera, olethreutidae)em pomares citricos do Sul de Minas Gerais
650 ## - ASSUNTO--TERMO TÓPICO
Cabeçalho tópico ou nome geográfico Laranja
650 ## - ASSUNTO--TERMO TÓPICO
Cabeçalho tópico ou nome geográfico Fruta Citrica
650 ## - ASSUNTO--TERMO TÓPICO
Cabeçalho tópico ou nome geográfico Praga de Planta
650 ## - ASSUNTO--TERMO TÓPICO
Cabeçalho tópico ou nome geográfico Mariposa
650 ## - ASSUNTO--TERMO TÓPICO
Cabeçalho tópico ou nome geográfico Pomar
650 ## - ASSUNTO--TERMO TÓPICO
Cabeçalho tópico ou nome geográfico Minas Gerais
773 0# - ENTRADA ANALÍTICA
Título Ciencia e Pratica (Brazil)
ISSN - International Standard Serial Number ISSN 0100-3267
Partes relacionadas (Jan-Mar 1992), v. 16(1) p. 91-92
Número de controle do registro BR9505181
909 ## -
-- 202311
-- Lúcia
-- 55
-- Lúcia Elande
942 ## - ELEMENTOS DE ENTRADA ADICIONADOS (KOHA)
Fonte da classificação ou esquema de arquivamento na estante Classificação AGRIS
Ocultar no OPAC Não
Tipo de material Koha Analítica
Exemplares
Situação do descarte Fonte da classificação ou esquema de arquivamento na estante Situação física Não pode ser emprestado Biblioteca de origem Biblioteca atual Localização na estante Enumeração do periódico / cronologia Total de empréstimos Data de último acesso Número do exemplar Tipo de material Koha Fonte de aquisição
  Classificação AGRIS   Consulta local Biblioteca Nacional de Agricultura - Binagri Biblioteca Nacional de Agricultura - Binagri   (Jan-Mar 1992), v. 16(1) p. 91-92   29/11/2023 01 Periódicos Portaria Interministerial nº 164/94

BINAGRI

Telefone: (61)3218-2567/2388/3357/2097 - binagri@agro.gov.br

Ministério da Agricultura e Pecuária , Esplanada dos Ministérios, Bloco D, Anexo B, Brasília/DF, CEP: 70.043-900